[Event "Titled Tuesday intern op 21st Feb Late"]
[Site "Chess.com INT"]
[Date "2023.02.21"]
[Round "6"]
[White "Fajdetic, Hrvoje"]
[Black "Oliveira, Tiago Lopes"]
[Result "1-0"]
[WhiteElo "2151"]
[BlackElo "1991"]
[PlyCount "47"]
[EventDate "2023.02.21"]
[EventType "swiss (blitz)"]
[EventRounds "11"]
[EventCountry "USA"]
[SourceTitle "CBM 212 Extra"]
[Source "ChessBase"]
[SourceDate "2023.03.31"]
[SourceVersion "1"]
[SourceVersionDate "2023.03.31"]
[SourceQuality "1"]

1. f4 g6 2. e4 Bg7 3. Nf3 c5 4. d3 Nc6 5. Be2 e6 6. 0-0 Nge7 7. Qe1 0-0 8. Qh4 d5 9. Nc3 dxe4 10. dxe4 Nd4 11. Bd1 Nxf3+ 12. Bxf3 Nc6 13. Qh3 Nd4 14. Bd1 b5 15. Ne2 e5 16. f5 gxf5 17. exf5 Nxf5 18. Qh5 Nd4 19. Ng3 a5 20. c3 Ne6 21. Bc2 f5 22. Bxf5 Qe8 23. Bxh7+ Kh8 24. Bg6+ 1-0

[Event "Titled Tuesday intern op 21st Feb Late"]
[Site "Chess.com INT"]
[Date "2023.02.21"]
[Round "11"]
[White "Roman, Rodrigo"]
[Black "Oliveira, Tiago Lopes"]
[Result "0-1"]
[WhiteElo "2058"]
[BlackElo "1991"]
[PlyCount "42"]
[EventDate "2023.02.21"]
[EventType "swiss (blitz)"]
[EventRounds "11"]
[EventCountry "USA"]
[SourceTitle "CBM 212 Extra"]
[Source "ChessBase"]
[SourceDate "2023.03.31"]
[SourceVersion "1"]
[SourceVersionDate "2023.03.31"]
[SourceQuality "1"]

1. e4 c5 2. Nf3 Nc6 3. d4 cxd4 4. Nxd4 Nf6 5. Nc3 d6 6. Bg5 e6 7. Qd2 Be7 8. 0-0-0 Nxd4 9. Qxd4 0-0 10. h4 Qa5 11. f3 a6 12. Qa4 Qc7 13. g4 Bd7 14. Qd4 Rfd8 15. Bc4 b5 16. Bb3 a5 17. a4 bxa4 18. Nxa4 Rab8 19. Kb1 Rb4 20. Qd2 Bxa4 21. c3 Rxb3 0-1

[Event "Titled Tuesday intern op 21st Feb Late"]
[Site "Chess.com INT"]
[Date "2023.02.21"]
[Round "1"]
[White "Sonnenschein, Philipp"]
[Black "Oliveira, Tiago Lopes"]
[Result "1/2-1/2"]
[WhiteElo "2221"]
[BlackElo "1991"]
[PlyCount "112"]
[EventDate "2023.02.21"]
[EventType "swiss (blitz)"]
[EventRounds "11"]
[EventCountry "USA"]
[SourceTitle "CBM 212 Extra"]
[Source "ChessBase"]
[SourceDate "2023.03.31"]
[SourceVersion "1"]
[SourceVersionDate "2023.03.31"]
[SourceQuality "1"]

1. e4 c5 2. Nf3 Nc6 3. Bb5 d6 4. 0-0 Bd7 5. d4 cxd4 6. Nxd4 Nxd4 7. Bxd7+ Qxd7 8. Qxd4 Nf6 9. Nc3 e6 10. Bg5 Be7 11. Rad1 Rd8 12. e5 dxe5 13. Qxe5 Qc8 14. Rxd8+ Bxd8 15. Rd1 0-0 16. h3 Nd7 17. Qg3 Bxg5 18. Qxg5 Qc5 19. Qf4 Nf6 20. Qa4 h6 21. Qb3 b6 22. Qb5 Rc8 23. Qxc5 Rxc5 24. Rd8+ Kh7 25. Ra8 a5 26. Ra7 Kg6 27. Kf1 Nd5 28. Nxd5 exd5 29. c3 d4 30. cxd4 Rc1+ 31. Ke2 Rc2+ 32. Ke3 Rxb2 33. Rb7 Kf6 34. g4 a4 35. h4 Ke6 36. f4 g6 37. Kd3 b5 38. a3 Rb3+ 39. Kc2 f5 40. Rb6+ Kd5 41. gxf5 gxf5 42. Rxh6 Kxd4 43. Rb6 Ke4 44. h5 Kxf4 45. h6 Rxa3 46. Rxb5 Rh3 47. Ra5 Kg5 48. Rxa4 Rxh6 49. Kd2 Re6 50. Ra1 f4 51. Re1 Rxe1 52. Kxe1 Kg4 53. Kf2 f3 54. Kf1 Kg3 55. Kg1 f2+ 56. Kf1 Kf3 1/2-1/2

[Event "South America-ch U14 11th"]
[Site "Montevideo"]
[Date "2014.09.12"]
[Round "7"]
[White "Weise, William Ferreira"]
[Black "Oliveira, Tiago Lopes"]
[Result "1/2-1/2"]
[WhiteElo "1591"]
[BlackElo "1988"]
[PlyCount "94"]
[EventDate "2014.09.08"]
[EventType "swiss"]
[EventRounds "9"]
[EventCountry "URU"]
[SourceTitle "EXT 2016"]
[Source "ChessBase"]
[SourceDate "2015.10.08"]
[SourceVersion "1"]
[SourceVersionDate "2015.10.08"]
[SourceQuality "1"]

1. e4 c5 2. Nf3 d6 3. d4 cxd4 4. Nxd4 Nf6 5. Nc3 a6 6. Qf3 g6 7. Be3 Bg7 8. Be2 Ng4 9. 0-0-0 h5 10. Kb1 Nd7 11. h3 Nde5 12. Qf4 Bh6 13. Qg3 Nxe3 14. fxe3 Bd7 15. Rhf1 Bc6 16. Nf3 Bg7 17. Ng5 Bf6 18. Nd5 Bxd5 19. exd5 Qb6 20. Ne4 Bg7 21. Nd2 0-0-0 22. e4 Kb8 23. Qb3 Qxb3 24. Nxb3 Kc7 25. Nd2 Rhf8 26. Nf3 Nd7 27. c3 Rde8 28. Kc2 Bf6 29. Nd2 e6 30. Bd3 Be5 31. Nc4 exd5 32. exd5 Nc5 33. Rf3 f5 34. Nd2 Nxd3 35. Kxd3 g5 36. Rdf1 f4 37. Ne4 g4 38. hxg4 hxg4 39. R3f2 Rf5 40. Ng3 Rg5 41. Ne2 Rf8 42. Nxf4 Bxf4 43. Rxf4 Rxd5+ 44. Ke4 Re5+ 45. Kd3 Rg8 46. Rc4+ Kb8 47. Rff4 d5 1/2-1/2

[Event "South America-ch U14 11th"]
[Site "Montevideo"]
[Date "2014.09.11"]
[Round "6"]
[White "Oliveira, Tiago Lopes"]
[Black "Ezcurra, Mariano"]
[Result "1-0"]
[WhiteElo "1988"]
[BlackElo "1569"]
[PlyCount "85"]
[EventDate "2014.09.08"]
[EventType "swiss"]
[EventRounds "9"]
[EventCountry "URU"]
[SourceTitle "EXT 2016"]
[Source "ChessBase"]
[SourceDate "2015.10.08"]
[SourceVersion "1"]
[SourceVersionDate "2015.10.08"]
[SourceQuality "1"]

1. e4 c5 2. Nf3 e6 3. d4 cxd4 4. Nxd4 a6 5. Bd3 Bc5 6. Nb3 Ba7 7. 0-0 Nc6 8. Qe2 d6 9. Be3 Bxe3 10. Qxe3 Nf6 11. Nc3 0-0 12. Rad1 Qc7 13. h3 b5 14. a3 Bb7 15. f4 Nd7 16. Rfe1 Ne7 17. Be2 d5 18. Bf3 Nb6 19. Qc5 Rac8 20. Qxc7 Rxc7 21. exd5 Nexd5 22. Nxd5 Nxd5 23. f5 Nf6 24. Bxb7 Rxb7 25. fxe6 Re8 26. Rd6 fxe6 27. Rxa6 Rc7 28. Nd4 e5 29. Nxb5 Rxc2 30. Nd6 Rd8 31. b4 Rd2 32. Nc4 R2d4 33. Rc6 e4 34. b5 Nd5 35. b6 Rxc4 36. Rxc4 Nxb6 37. Rcxe4 Kf7 38. a4 Ra8 39. Ra1 Nd7 40. a5 g5 41. Rb4 Nc5 42. Rb5 Ke8 43. Rxc5 1-0

[Event "South America-ch U14 11th"]
[Site "Montevideo"]
[Date "2014.09.09"]
[Round "2"]
[White "Oliveira, Tiago Lopes"]
[Black "Bernal Navarrete, Marcelo Andres"]
[Result "1/2-1/2"]
[WhiteElo "1988"]
[BlackElo "1722"]
[PlyCount "98"]
[EventDate "2014.09.08"]
[EventType "swiss"]
[EventRounds "9"]
[EventCountry "URU"]
[SourceTitle "EXT 2016"]
[Source "ChessBase"]
[SourceDate "2015.10.08"]
[SourceVersion "1"]
[SourceVersionDate "2015.10.08"]
[SourceQuality "1"]

1. e4 e5 2. Nf3 Nc6 3. Bc4 Bc5 4. c3 Nf6 5. d3 a6 6. 0-0 Ba7 7. Nbd2 d6 8. Bb3 0-0 9. Bc2 h6 10. Nc4 Be6 11. Ne3 Bxe3 12. fxe3 Nh7 13. Qe1 Ng5 14. Nh4 g6 15. Qg3 Kh7 16. d4 Bd7 17. b3 Qe7 18. d5 Nd8 19. Bb2 Kh8 20. c4 Rg8 21. Nf3 Nxf3+ 22. Qxf3 Kg7 23. b4 b6 24. a4 Nb7 25. a5 bxa5 26. c5 Bb5 27. c6 Nd8 28. Rxa5 Bxf1 29. Qxf1 f6 30. b5 Nf7 31. Rxa6 Rxa6 32. bxa6 Ra8 33. Qb5 Qd8 34. Qb7 Qb8 35. Bc3 Qa7 36. Qxa7 Rxa7 37. Bd3 h5 38. Ba5 Kf8 39. Kf2 Ke7 40. Kf3 Nh6 41. h3 Kf7 42. Ke2 Ke7 43. Kd2 g5 44. Kc3 g4 45. Kb4 Kd8 46. Kb5 Kc8 47. Be2 Kb8 48. hxg4 Nxg4 49. Bd2 Ra8 1/2-1/2

[Event "South America-ch U14 11th"]
[Site "Montevideo"]
[Date "2014.09.08"]
[Round "1"]
[White "Del Pedregal Altamirano, Tarkan"]
[Black "Oliveira, Tiago Lopes"]
[Result "0-1"]
[WhiteElo "1403"]
[BlackElo "1988"]
[PlyCount "58"]
[EventDate "2014.09.08"]
[EventType "swiss"]
[EventRounds "9"]
[EventCountry "URU"]
[SourceTitle "EXT 2016"]
[Source "ChessBase"]
[SourceDate "2015.10.08"]
[SourceVersion "1"]
[SourceVersionDate "2015.10.08"]
[SourceQuality "1"]

1. d4 Nf6 2. c4 e6 3. Nf3 d5 4. Bg5 Be7 5. Nc3 0-0 6. e3 h6 7. Bxf6 Bxf6 8. Bd3 c6 9. Qc2 Nd7 10. 0-0 dxc4 11. Bxc4 Nb6 12. Bd3 Nd5 13. a3 Qe7 14. Ne2 Nb6 15. Ng3 Nd7 16. e4 e5 17. Nf5 Qd8 18. d5 cxd5 19. exd5 Nb6 20. Ne3 Bd7 21. Be4 Rc8 22. Qb3 g6 23. d6 Be6 24. Qb4 Qd7 25. Rfd1 Rfd8 26. b3 Bg7 27. Rd2 f5 28. Bc2 e4 29. Ne1 Bxa1 0-1

[Event "Sao Paulo Hebraica op 18th"]
[Site "Sao Paulo"]
[Date "2014.07.20"]
[Round "5"]
[White "Oliveira, Tiago Lopes"]
[Black "Rodrigues, Leonardo De Miranda"]
[Result "0-1"]
[WhiteElo "1968"]
[BlackElo "2146"]
[PlyCount "67"]
[EventDate "2014.07.17"]
[EventType "swiss"]
[EventRounds "6"]
[EventCountry "BRA"]
[SourceTitle "CBM 161 Extra"]
[Source "ChessBase"]
[SourceDate "2014.08.29"]
[SourceVersion "1"]
[SourceVersionDate "2014.08.29"]
[SourceQuality "1"]

1. e4 d6 2. d4 Nf6 3. Nd2 g6 4. Bc4 Bg7 5. Ngf3 0-0 6. 0-0 Nc6 7. c3 e5 8. dxe5 Nxe5 9. Nxe5 dxe5 10. Qe2 a6 11. a4 b6 12. b4 Bb7 13. Rd1 b5 14. Nb3 Qc8 15. Bd3 h6 16. Nc5 Bc6 17. f3 Rd8 18. Be3 bxa4 19. Bxa6 Rxd1+ 20. Rxd1 Qf8 21. b5 Be8 22. Nxa4 Qa3 23. Qc4 Bf8 24. Bc5 Bxc5+ 25. Nxc5 Qb2 26. Qb3 Qe2 27. c4 Rd8 28. Nd3 Nh5 29. Nf2 Rd2 30. Rf1 Nf4 31. c5 Rb2 32. Qc3 Bxb5 33. Bxb5 Qxb5 34. Qxe5 0-1

[Event "Sao Paulo Hebraica op 18th"]
[Site "Sao Paulo"]
[Date "2014.07.19"]
[Round "4"]
[White "Quintiliano Pinto, Renato Rodrigues"]
[Black "Oliveira, Tiago Lopes"]
[Result "1-0"]
[WhiteElo "2364"]
[BlackElo "1968"]
[PlyCount "73"]
[EventDate "2014.07.17"]
[EventType "swiss"]
[EventRounds "6"]
[EventCountry "BRA"]
[SourceTitle "CBM 161 Extra"]
[Source "ChessBase"]
[SourceDate "2014.08.29"]
[SourceVersion "1"]
[SourceVersionDate "2014.08.29"]
[SourceQuality "1"]

1. d4 f5 2. g3 Nf6 3. Bg2 e6 4. c4 Be7 5. Nf3 0-0 6. 0-0 d6 7. Nc3 a5 8. Re1 Ne4 9. Nxe4 fxe4 10. Nd2 d5 11. f3 c5 12. cxd5 exf3 13. Nxf3 exd5 14. dxc5 Bxc5+ 15. Kh1 Nc6 16. Bf4 Be7 17. Nd4 Nxd4 18. Qxd4 Be6 19. e4 Bf6 20. e5 Be7 21. Red1 Ra6 22. Bxd5 Bxd5+ 23. Qxd5+ Qxd5+ 24. Rxd5 g5 25. Be3 Kf7 26. Rd7 Ke6 27. Rxb7 Rf5 28. Bd4 Rc6 29. Rd1 a4 30. Rd2 h5 31. Ra7 a3 32. bxa3 h4 33. Kg2 hxg3 34. hxg3 Bc5 35. Rc2 Kd5 36. Rd7+ Rd6 37. Rxd6+ 1-0

[Event "Sao Paulo op-A U2300"]
[Site "Sao Paulo"]
[Date "2014.04.06"]
[Round "5"]
[White "Oliveira, Tiago Lopes"]
[Black "Gazola, Vanessa Ramos"]
[Result "1/2-1/2"]
[WhiteElo "1956"]
[BlackElo "1965"]
[PlyCount "97"]
[EventDate "2014.04.03"]
[EventType "swiss"]
[EventRounds "6"]
[EventCountry "BRA"]
[SourceTitle "CBM 159 Extra"]
[Source "ChessBase"]
[SourceDate "2014.04.24"]
[SourceVersion "1"]
[SourceVersionDate "2014.04.24"]
[SourceQuality "1"]

1. e4 c5 2. Nf3 Nc6 3. d4 cxd4 4. Nxd4 e5 5. Nb5 a6 6. Nd6+ Bxd6 7. Qxd6 Qf6 8. Qd1 Qg6 9. Nc3 Nge7 10. h4 h5 11. Rh3 d5 12. Rg3 Bg4 13. f3 dxe4 14. fxg4 Rd8 15. Qe2 Nd4 16. Qxe4 Nxc2+ 17. Kf2 Qxe4 18. Nxe4 Nxa1 19. Rc3 hxg4 20. g3 Nd5 21. Rc4 b5 22. Rc5 0-0 23. Bg5 Rd7 24. Rc1 Rc7 25. Nc3 Rfc8 26. Rxa1 Nxc3 27. bxc3 Rxc3 28. Be2 f6 29. Bd2 Rc2 30. Bb4 f5 31. Ke3 f4+ 32. gxf4 exf4+ 33. Kd3 R2c4 34. Ba5 f3 35. Bd1 Kh8 36. Bb3 Rc1 37. Rxc1 Rxc1 38. Ke3 Rh1 39. Be6 Rh2 40. Bxg4 Rxa2 41. Bd2 Ra4 42. Kxf3 b4 43. Bd7 Ra3+ 44. Ke4 a5 45. Kd4 Ra2 46. Kd3 b3 47. Bc3 Rh2 48. Ba4 Rxh4 49. Bxb3 1/2-1/2

[Event "Wch U14"]
[Site "Al Ain"]
[Date "2013.12.23"]
[Round "7"]
[White "Oliveira, Tiago Lopes"]
[Black "Kolver, Chris"]
[Result "0-1"]
[WhiteElo "1930"]
[BlackElo "1737"]
[PlyCount "66"]
[EventDate "2013.12.18"]
[EventType "swiss"]
[EventRounds "11"]
[EventCountry "UAE"]
[SourceTitle "CBM 158 Extra"]
[Source "ChessBase"]
[SourceDate "2014.02.28"]
[SourceVersion "1"]
[SourceVersionDate "2014.02.28"]
[SourceQuality "1"]

1. e4 c5 2. Nf3 Nc6 3. d4 cxd4 4. Nxd4 Nf6 5. Nc3 e5 6. Ndb5 d6 7. Bg5 a6 8. Na3 b5 9. Nd5 Be7 10. Bxf6 Bxf6 11. c4 b4 12. Nc2 0-0 13. Ndxb4 Nxb4 14. Nxb4 Qb6 15. Qb3 Rb8 16. Nd5 Qxb3 17. axb3 Rxb3 18. 0-0-0 Bg5+ 19. Kc2 Rb8 20. h4 Bd8 21. Ne3 Be7 22. Nf5 Bxf5 23. exf5 Rb6 24. Rh3 Rfb8 25. b3 Bd8 26. g4 a5 27. Ra1 Rb4 28. Rd3 Bxh4 29. Rxa5 Bxf2 30. Rxd6 Rxb3 31. c5 e4 32. c6 Rb2+ 33. Kc3 Be1+ 0-1

[Event "Sao Paulo Braga Memorial 2nd"]
[Site "Sao Paulo"]
[Date "2013.07.10"]
[Round "6"]
[White "Della Morte, German"]
[Black "Oliveira, Tiago Lopes"]
[Result "1-0"]
[WhiteElo "2322"]
[BlackElo "1902"]
[PlyCount "79"]
[EventDate "2013.07.05"]
[EventType "swiss"]
[EventRounds "9"]
[EventCountry "BRA"]
[SourceTitle "CBM 155 Extra"]
[Source "ChessBase"]
[SourceDate "2013.08.26"]
[SourceVersion "1"]
[SourceVersionDate "2013.08.26"]
[SourceQuality "1"]

1. e4 c5 2. Nf3 d6 3. d4 cxd4 4. Nxd4 Nf6 5. Nc3 a6 6. Bg5 Nbd7 7. f4 Qc7 8. Qf3 h6 9. Bxf6 Nxf6 10. f5 e5 11. fxe6 fxe6 12. 0-0-0 Bd7 13. g3 0-0-0 14. Kb1 h5 15. Bh3 Re8 16. Rhe1 Ng4 17. Bxg4 hxg4 18. Qxg4 Rxh2 19. Rf1 Rh6 20. Rf7 Rf6 21. Rxf6 gxf6 22. Qg6 Qd8 23. Rh1 Be7 24. Rh7 Rh8 25. a3 Rxh7 26. Qxh7 Qf8 27. Nce2 f5 28. exf5 e5 29. Ne6 Bxe6 30. fxe6 Qf1+ 31. Nc1 Qf6 32. Qg8+ Bf8 33. Nd3 a5 34. Qg4 Kd8 35. Qc4 Ke7 36. Qc7+ Kxe6 37. Qxb7 Qf1+ 38. Ka2 Qf7 39. Qe4 Bh6 40. c4 1-0

[Event "Sao Paulo Braga Memorial 2nd"]
[Site "Sao Paulo"]
[Date "2013.07.06"]
[Round "2"]
[White "Borges, Guilherme Deola"]
[Black "Oliveira, Tiago Lopes"]
[Result "0-1"]
[WhiteElo "2146"]
[BlackElo "1902"]
[PlyCount "88"]
[EventDate "2013.07.05"]
[EventType "swiss"]
[EventRounds "9"]
[EventCountry "BRA"]
[SourceTitle "CBM 155 Extra"]
[Source "ChessBase"]
[SourceDate "2013.08.26"]
[SourceVersion "1"]
[SourceVersionDate "2013.08.26"]
[SourceQuality "1"]

1. d4 Nf6 2. c4 e6 3. g3 d5 4. Bg2 b6 5. Nc3 Bb7 6. e3 Be7 7. Nge2 0-0 8. 0-0 Na6 9. Nf4 c6 10. b3 Nc7 11. e4 Bb4 12. Nfe2 dxc4 13. bxc4 c5 14. d5 Bxc3 15. Nxc3 Nd7 16. e5 Nxe5 17. d6 Bxg2 18. dxc7 Qxd1 19. Rxd1 Bf3 20. Bf4 Nxc4 21. Rd3 Bc6 22. Re1 Rac8 23. Ne4 e5 24. Nd6 Nxd6 25. Rxd6 Rxc7 26. Rxe5 Rfc8 27. Re3 f6 28. h4 Kf7 29. Rd1 Rd7 30. Rde1 c4 31. Ra3 b5 32. Be3 Rcc7 33. Ra5 c3 34. a3 c2 35. Rc1 Rd1+ 36. Kh2 Rxc1 37. Bxc1 Rd7 38. Ra6 Bf3 39. g4 Rd1 40. Rxa7+ Kf8 41. Be3 c1Q 42. Bxc1 Rxc1 43. Kg3 Rc3 44. Kf4 Bd5 0-1

[Event "Paulista-ch"]
[Site "Americana"]
[Date "2012.12.08"]
[Round "3"]
[White "Deus Filho, Joaquim"]
[Black "Oliveira, Tiago Lopes"]
[Result "1-0"]
[WhiteElo "2053"]
[BlackElo "1860"]
[PlyCount "59"]
[EventDate "2012.12.07"]
[EventType "swiss"]
[EventRounds "6"]
[EventCountry "BRA"]
[SourceTitle "CBM 152 Extra"]
[Source "ChessBase"]
[SourceDate "2013.02.25"]
[SourceVersion "1"]
[SourceVersionDate "2013.02.25"]
[SourceQuality "1"]

1. e4 c5 2. Nc3 d6 3. g3 Nc6 4. Bg2 g6 5. d3 Bg7 6. Be3 e6 7. Qd2 Nge7 8. Bh6 0-0 9. h4 f6 10. Bxg7 Kxg7 11. f4 d5 12. h5 d4 13. Nce2 b5 14. Nf3 f5 15. hxg6 hxg6 16. Ng5 Rh8 17. Rxh8 Qxh8 18. Kf2 Kf8 19. Rh1 Qg8 20. Nh7+ Kf7 21. e5 Nd5 22. Bxd5 exd5 23. Nf6 Qd8 24. Rh7+ Ke6 25. Ng1 Qe7 26. Rxe7+ Kxe7 27. Nxd5+ Kf7 28. Nf3 Ne7 29. Ng5+ Kf8 30. Qa5 1-0

[Event "Paulista-ch"]
[Site "Americana"]
[Date "2012.12.07"]
[Round "1"]
[White "De Oliveira, Adriano Fernandes"]
[Black "Oliveira, Tiago Lopes"]
[Result "0-1"]
[WhiteElo "2283"]
[BlackElo "1860"]
[PlyCount "136"]
[EventDate "2012.12.07"]
[EventType "swiss"]
[EventRounds "6"]
[EventCountry "BRA"]
[SourceTitle "CBM 152 Extra"]
[Source "ChessBase"]
[SourceDate "2013.02.25"]
[SourceVersion "1"]
[SourceVersionDate "2013.02.25"]
[SourceQuality "1"]

1. e4 c5 2. Nc3 e6 3. f4 d6 4. Nf3 Nf6 5. d3 Be7 6. g3 0-0 7. Bg2 Nc6 8. 0-0 Rb8 9. a4 a6 10. h3 Qc7 11. g4 b5 12. axb5 axb5 13. Ne2 c4 14. Ng3 cxd3 15. cxd3 Qb6+ 16. Kh1 Bb7 17. f5 exf5 18. Nxf5 Rfe8 19. Qd2 Bf8 20. Qg5 Qc7 21. Ne1 Re5 22. Bf4 Re6 23. Rc1 Qd7 24. Rc2 Ne5 25. Rcf2 Ng6 26. Nd4 h6 27. Qxb5 Qxb5 28. Nxb5 Bxe4 29. dxe4 Rxb5 30. Bg3 Nd7 31. Nf3 Rb4 32. Re1 Nc5 33. Nh4 Nxh4 34. Bxh4 Nd3 35. Ref1 Rxb2 36. Rxb2 Nxb2 37. Rb1 Nc4 38. Rb8 Ne5 39. Kg1 Ng6 40. Bg3 Kh7 41. Kf2 Be7 42. Rb7 Ne5 43. Ke3 Bg5+ 44. Kd4 Bf6 45. Kd5 Kg6 46. Rc7 Bd8 47. Rb7 Be7 48. Bf1 Kf6 49. Bh4+ g5 50. Bg3 Kg6 51. Be2 Bf6 52. Rc7 Bg7 53. Rb7 Kf6 54. Bb5 Re7 55. Rb6 Kg6 56. Rxd6+ f6 57. Rd8 Nf7 58. Bd3 Ne5 59. Bb5 Nf7 60. Rb8 Kh7 61. Bc4 Ne5 62. Bb5 Nf7 63. Rb6 Ne5 64. Kd6 Bf8 65. Kd5 Bg7 66. Bf2 Rc7 67. Bd4 Rc1 68. Ke6 Rd1 0-1

[Event "Paulista-ch"]
[Site "Americana"]
[Date "2012.12.07"]
[Round "2"]
[White "Oliveira, Tiago Lopes"]
[Black "Sega, Carlos Alberto"]
[Result "0-1"]
[WhiteElo "1860"]
[BlackElo "2252"]
[PlyCount "98"]
[EventDate "2012.12.07"]
[EventType "swiss"]
[EventRounds "6"]
[EventCountry "BRA"]
[SourceTitle "CBM 152 Extra"]
[Source "ChessBase"]
[SourceDate "2013.02.25"]
[SourceVersion "1"]
[SourceVersionDate "2013.02.25"]
[SourceQuality "1"]

1. e4 e5 2. Nf3 Nc6 3. Bc4 Nf6 4. d3 Be7 5. c3 d6 6. Bb3 0-0 7. 0-0 Na5 8. Bc2 c5 9. Nbd2 Qc7 10. Re1 Nc6 11. Nc4 Be6 12. Ne3 Rad8 13. Qe2 h6 14. Bb3 Rfe8 15. Nd5 Bxd5 16. exd5 Nb8 17. Ba4 Nbd7 18. c4 a6 19. Bxd7 Qxd7 20. Bd2 Bf8 21. Bc3 b5 22. a3 bxc4 23. dxc4 g6 24. b4 Qc7 25. Nd2 Nd7 26. Nb3 Rc8 27. Na5 Bg7 28. Nc6 Ra8 29. Qc2 f5 30. Reb1 e4 31. Bxg7 Kxg7 32. Qc3+ Kg8 33. Rb3 f4 34. Rab1 cxb4 35. Rxb4 Nc5 36. Qf6 e3 37. Qxg6+ Qg7 38. Ne7+ Kh8 39. Qxg7+ Kxg7 40. Nf5+ Kg6 41. Nxd6 Re5 42. Rb6 e2 43. Ne4+ Kg7 44. f3 Nd3 45. Rb7+ Kf8 46. Rb8+ Rxb8 47. Rxb8+ Kf7 48. Rb7+ Re7 49. Nd6+ Kf6 0-1

[Event "Wch U12"]
[Site "Maribor"]
[Date "2012.11.17"]
[Round "10.48"]
[White "Tan, Yong Zhao"]
[Black "Oliveira, Tiago Lopes"]
[Result "0-1"]
[WhiteElo "1688"]
[BlackElo "1847"]
[PlyCount "82"]
[EventDate "2012.11.08"]
[EventType "swiss"]
[EventRounds "11"]
[EventCountry "SLO"]
[SourceTitle "EXT 2013"]
[Source "ChessBase"]
[SourceDate "2012.11.22"]
[SourceVersion "1"]
[SourceVersionDate "2012.11.22"]
[SourceQuality "1"]

1. e4 c5 2. Nf3 d6 3. d4 cxd4 4. Nxd4 Nf6 5. Nc3 a6 6. Bg5 Nbd7 7. f4 Qc7 8. Qf3 h6 9. Bh4 g5 10. fxg5 hxg5 11. Bxg5 Qc5 12. Bxf6 Nxf6 13. Nb3 Qe5 14. h3 Bg4 15. Qd3 d5 16. Be2 Nxe4 17. Nxe4 Bxe2 18. Qxe2 dxe4 19. 0-0-0 Bg7 20. c3 b5 21. Qg4 0-0 22. Rhe1 f5 23. Qg5 Rac8 24. Nd4 b4 25. Re3 bxc3 26. bxc3 Qa5 27. Rd2 Rxc3+ 28. Rxc3 Qxc3+ 29. Nc2 Rc8 30. Kd1 Qc5 31. Nd4 Qc1+ 32. Ke2 Qc4+ 33. Ke1 e6 34. Kf2 f4 35. Kg1 Qc1+ 36. Kh2 Qxd2 37. Nxe6 Qd7 38. Nxf4 Qd6 39. h4 Rc5 40. Qg4 Qxf4+ 41. Qxf4 Be5 0-1

[Event "Wch U12"]
[Site "Maribor"]
[Date "2012.11.16"]
[Round "9.30"]
[White "Ioannidis, Evgenios"]
[Black "Oliveira, Tiago Lopes"]
[Result "1-0"]
[WhiteElo "2002"]
[BlackElo "1847"]
[PlyCount "72"]
[EventDate "2012.11.08"]
[EventType "swiss"]
[EventRounds "11"]
[EventCountry "SLO"]
[SourceTitle "EXT 2013"]
[Source "ChessBase"]
[SourceDate "2012.11.22"]
[SourceVersion "1"]
[SourceVersionDate "2012.11.22"]
[SourceQuality "1"]

1. d4 Nf6 2. c4 e6 3. Nc3 Bb4 4. e3 0-0 5. Bd3 d5 6. Nge2 c5 7. cxd5 exd5 8. a3 cxd4 9. axb4 dxc3 10. bxc3 Nc6 11. 0-0 Ne5 12. Bc2 Qc7 13. f3 Re8 14. Re1 Bd7 15. Qd4 Bb5 16. Ng3 Nc6 17. Qc5 a6 18. e4 b6 19. Qf2 Ne5 20. Bd2 Bd3 21. Bf4 Bxc2 22. Bxe5 Qxe5 23. Qxc2 d4 24. cxd4 Qxd4+ 25. Qf2 Qxb4 26. Rab1 Qc5 27. Rxb6 Qxf2+ 28. Kxf2 a5 29. Ra1 Re7 30. Nf5 Rea7 31. Ra4 Nd7 32. Rb5 Nb8 33. Nd4 f6 34. Ke3 Kf7 35. f4 Kg6 36. g4 Ra6 1-0

[Event "Wch U12"]
[Site "Maribor"]
[Date "2012.11.15"]
[Round "8.18"]
[White "Oliveira, Tiago Lopes"]
[Black "Lobanov, Sergei"]
[Result "0-1"]
[WhiteElo "1847"]
[BlackElo "2081"]
[PlyCount "108"]
[EventDate "2012.11.08"]
[EventType "swiss"]
[EventRounds "11"]
[EventCountry "SLO"]
[SourceTitle "EXT 2013"]
[Source "ChessBase"]
[SourceDate "2012.11.22"]
[SourceVersion "1"]
[SourceVersionDate "2012.11.22"]
[SourceQuality "1"]

1. e4 c5 2. Nf3 d6 3. d4 cxd4 4. Nxd4 Nf6 5. Nc3 Nc6 6. Be2 e5 7. Nb3 Be7 8. 0-0 0-0 9. Be3 a5 10. a4 Be6 11. Bf3 Nb4 12. Bg5 Rc8 13. Rc1 h6 14. Bxf6 Bxf6 15. g3 Qb6 16. h4 Nxc2 17. Qxc2 Qxb3 18. Qd2 Rc4 19. Be2 Rd4 20. Qe3 Rd8 21. Rfd1 Rc8 22. Nd5 Rxd1+ 23. Bxd1 Qxb2 24. Rxc8+ Bxc8 25. Qb6 Qxb6 26. Nxb6 Be6 27. Nd5 Bxd5 28. exd5 Bd8 29. Bg4 g6 30. Bd7 f5 31. h5 Kg7 32. Kg2 Bg5 33. hxg6 Kxg6 34. Bc8 b5 35. axb5 a4 36. b6 Bd8 37. Ba6 Bxb6 38. f4 exf4 39. gxf4 Be3 40. Kf3 Bc1 41. Bd3 a3 42. Bb1 h5 43. Kg3 Bd2 44. Ba2 Be1+ 45. Kg2 Kf6 46. Bb1 h4 47. Ba2 Bd2 48. Kf3 Bc1 49. Bb3 h3 50. Kg3 Bxf4+ 51. Kxh3 Ke5 52. Kg2 Kd4 53. Kf3 Kc3 54. Ba2 Bh6 0-1

[Event "Sao Bernardo do Campo LXSBC op"]
[Site "Sao Bernardo do Campo"]
[Date "2012.05.20"]
[Round "6"]
[White "Oliveira, Tiago Lopes"]
[Black "Pinto, Ana Vitoria de Jesu"]
[Result "1-0"]
[WhiteElo "1793"]
[BlackElo "1755"]
[PlyCount "47"]
[EventDate "2012.05.18"]
[EventType "swiss"]
[EventRounds "6"]
[EventCountry "BRA"]
[SourceTitle "EXT 2014"]
[Source "ChessBase"]
[SourceDate "2013.11.20"]
[SourceVersion "1"]
[SourceVersionDate "2013.11.20"]
[SourceQuality "1"]

1. e4 c5 2. Nf3 Nc6 3. d4 cxd4 4. Nxd4 d6 5. c4 Nf6 6. Nc3 g6 7. Be2 Bg7 8. Be3 0-0 9. 0-0 Bd7 10. f3 Rc8 11. Qd2 Ne5 12. b3 Qa5 13. Nd5 Qxd2 14. Nxe7+ Kh8 15. Bxd2 Rcd8 16. Bc3 Rfe8 17. Nd5 Nxd5 18. cxd5 Rc8 19. Rac1 a6 20. Bb2 Bh6 21. Rxc8 Rxc8 22. f4 Ng4 23. Bxg4 Bxg4 24. Nf5+ 1-0